书目信息 |
| 题名: |
最新司法与行政程序法律文件解读
|
|
| 作者: | ;最高法院 编 | |
| 分册: | 2006,总第7辑 | |
| 出版信息: | 北京 人民法院出版社 2006 |
|
| 页数: | 148页 | |
| 开本: | 21cm | |
| 丛书名: | 最新法律文件解读 | |
| 单 册: | ||
| 中图分类: | D925.05 | |
| 科图分类: | ||
| 主题词: | 诉讼程序--su song cheng xu--诉讼法--法律解释--中国 , 行政程序法--xing zheng cheng xu fa--法律解释--中国 | |
| 电子资源: | ||
| ISBN: | 7-80217-197-0 | |
| 000 | 01280nam 2200277 450 | |
| 001 | CAL 012006064834 | |
| 005 | 20061123152824.57 | |
| 010 | @a7-80217-197-0@dCNY 10.00 | |
| 099 | @aCAL 012006064834 | |
| 100 | @a20060509d2006 ekmy0chiy0121 ea | |
| 101 | 0 | @achi |
| 102 | @aCN@b110000 | |
| 200 | 1 | @a最新司法与行政程序法律文件解读@Azui xin si fa yu xing zheng cheng xu fa lv wen jian jie du@h2006,总第7辑@f最高人民法院《最新法律文件解读》编辑委员会 |
| 210 | @a北京@c人民法院出版社@d2006 | |
| 215 | @a148页@d21cm | |
| 225 | 2 | @a最新法律文件解读@Azui xin fa lv wen jian jie du |
| 330 | @a本书以“解读”为重点,通过对最新法律、法规特别是解释性法律文件的同步动态解读,为广大读者学习理解最新法律规范,及时解决实践中的新情况新问题,提供了一个全方位、多层面的高速信息平台。 | |
| 333 | @a法律工作者。 | |
| 410 | 0 | @12001 @a最新法律文件解读 |
| 540 | 1 | @a司法与行政程序法律文件解读@Asi fa yu xing zheng cheng xu fa lv wen jian jie du |
| 606 | 0 | @a诉讼程序@Asu song cheng xu@x诉讼法@x法律解释@y中国 |
| 606 | 0 | @a行政程序法@Axing zheng cheng xu fa@x法律解释@y中国 |
| 690 | @aD925.05@v4 | |
| 711 | 02 | @a最高法院@Azui gao fa yuan@b最新法律文件解读编辑委员会@Bzui xin fa lv wen jian jie du bian ji wei yuan hui@4编 |
| 801 | @aCN@c20061123 | |
| 905 | @a10447@dD925.05@eZ981:2006:7 | |
| 最新司法与行政程序法律文件解读.2006,总第7辑/最高人民法院《最新法律文件解读》编辑委员会.-北京:人民法院出版社,2006 |
| 148页;21cm.-(最新法律文件解读) |
| 使用对象:法律工作者。 |
| ISBN 7-80217-197-0:CNY 10.00 |
| 本书以“解读”为重点,通过对最新法律、法规特别是解释性法律文件的同步动态解读,为广大读者学习理解最新法律规范,及时解决实践中的新情况新问题,提供了一个全方位、多层面的高速信息平台。 |
| ● |
| 相关链接 |
|
|
|
正题名:最新司法与行政程序法律文件解读
索取号:D925.05/Z981:2006:7
 
预约/预借
| 序号 | 登录号 | 条形码 | 馆藏地/架位号 | 状态 | 备注 |
| 1 | 614881 | 206148818 | 社科库509/509社科库 100排1列4层/ [索取号:D925.05/Z981:2006:7] | 在馆 | |
| 2 | 614882 | 206148827 | 社科库509/509社科库 100排1列4层/ [索取号:D925.05/Z981:2006:7] | 在馆 |